| 000 | 00617cam a22002052a 4500 | ||
|---|---|---|---|
| 001 | 008853 | ||
| 003 | AR-FADEU | ||
| 008 | 311216n1994####xxu####################dd | ||
| 092 |
_aD342.982 _bA691 |
||
| 110 | _aArgentina. Constitución | ||
| 245 | _aConstitución de la Nación Argentina | ||
| 260 | _aRío Negro | ||
| 260 | _bADISA | ||
| 260 | _bAgrupación Diarios de Interior | ||
| 260 | _c1994 | ||
| 300 | _a60 p | ||
| 500 | _aSancionada por el Congreso General Constituyente el 1º de Mayo de 1853 con las reformas de 1860, 1866, 1898, 1957 y 1994 | ||
| 650 | _aCONSTITUCION-ARGENTINA | ||
| 942 | _cBDGR | ||
| 999 |
_c14654 _d14654 |
||